000 00463nam a22001697a 4500
005 20251108175533.0
008 250721s2017 xx 000 0 ara d
082 1 4 _a219/حسن
100 1 _aحسني، مصطفى
245 1 0 _aقصة حب /
264 1 _aالجيزة :
_bدار نهضة مصر للنشر،
_c2017.
300 _a262ص.
650 1 7 _aالسيرة النبوية
650 1 7 _aالحب (عواطف )
942 _2ddc
_cBK
999 _c136429
_d136429